The art of pre-columbian México : an annotated bibliography of works in english /

Guardado en:
Autor Principal: Kendall, Aubyn.
Formato: Libro
Idioma:English
Publicado: Austin : University of Texas. Institute of latin american studies, 1973.
Series:Guides and bibliographies series, 5
Etiquetas: Agregar Etiqueta
Sin Etiquetas, Sea el primero en etiquetar este registro!
LEADER 00569nam a22001455a 4500
001 EUN.um065708
008 041125s1973####xxua##########000#0#eng#d
005 20131004144134.0
245 1 4 |a The art of pre-columbian México :  |b an annotated bibliography of works in english /  |c Aubyn Kendall. 
260 |a Austin :  |b University of Texas. Institute of latin american studies,  |c 1973. 
300 |a 115 p. :  |b ilus. ;  |c 22 cm.. 
490 0 |a Guides and bibliographies series, 5 
100 1 |a Kendall, Aubyn. 
082 0 4 |a 571.7016 
859 |a Ar-BaUNS  |b BIB. CENTRAL - Sector C  |h 571.7016  |i K331  |p 70405/974